00905nam a2200193Ia 4500003000900000008004100009040001600050100002900066245027900095260005600374300001500430650003300445650003100478650002900509700003000538942000700568999001700575952011900592IN-BaIIA211028s9999 xx 000 0 eng d cIIA Library aSakurai, Takayuki936144 0aRadioastronomical measurements of plasma characteristics of the solar corona and the solar windba thesis submitted in partial fulfillment of the requirements for the doctor of philosophy degree in physics in the graduate college of the University of IowacTakayuki Sakurai  aU.S.AbUniversity of Microfilms Internationalc1993 axiv, 194p. aRadioastronomy-Theses936145 aSolar corona-Theses936146 aSolar wind-Theses936147 aSteven R. Spangler936148 cBK c18923d18923 00104070aBANbBANcGENd2014-09-23eANJ g3103.00l0p19845r2021-11-05v3103.00w2014-09-23yBKGRs. 3103.00